[Event "Titled Tuesday intern op 02nd Apr Late"]
[Site "Chess.com INT"]
[Date "2024.04.02"]
[Round "6"]
[White "Camacho Campusano, David Daniel"]
[Black "Coe, William R"]
[Result "0-1"]
[WhiteElo "2181"]
[BlackElo "2078"]
[PlyCount "90"]
[EventDate "2024.04.02"]
[EventType "swiss (blitz)"]
[EventRounds "11"]
[EventCountry "USA"]
[SourceTitle "CB15_2024"]
[SourceDate "2024.04.10"]
[SourceVersion "1"]
[SourceVersionDate "2024.04.10"]
[SourceQuality "1"]

1. e4 c5 2. Nf3 e6 3. d3 Nc6 4. Nbd2 g6 5. g3 Bg7 6. Bg2 Nge7 7. 0-0 0-0 8. Re1 d5 9. c3 b6 10. a4 Bb7 11. Qe2 dxe4 12. dxe4 Ne5 13. Nxe5 Bxe5 14. f4 Bg7 15. Nf3 Qc7 16. Bd2 a6 17. Rad1 Bc6 18. a5 b5 19. b4 c4 20. Nd4 Bb7 21. Be3 Nc6 22. e5 Nxd4 23. Rxd4 Bxg2 24. Kxg2 Rfd8 25. Red1 Rxd4 26. Bxd4 Bf8 27. Qe4 Rc8 28. Bb6 Qe7 29. Kf3 h5 30. h4 Qe8 31. Qb7 Ra8 32. Rd7 Bh6 33. Ke4 Bf8 34. Qc7 Rc8 35. Qb7 Ra8 36. Qc7 Rc8 37. Rd8 Rxd8 38. Qxd8 Qc6+ 39. Ke3 Qg2 40. Qd2 Qxg3+ 41. Kd4 Qg1+ 42. Ke4 Qh1+ 43. Ke3 Qxh4 44. Bc5 Bh6 45. Ke4 Qh1+ 0-1

[Event "Titled Tuesday intern op 02nd Apr Late"]
[Site "Chess.com INT"]
[Date "2024.04.02"]
[Round "3"]
[White "Coe, William R"]
[Black "Castellanos Hernandez, Lhia Itzayana"]
[Result "0-1"]
[WhiteElo "2078"]
[BlackElo "1900"]
[PlyCount "96"]
[EventDate "2024.04.02"]
[EventType "swiss (blitz)"]
[EventRounds "11"]
[EventCountry "USA"]
[SourceTitle "CB15_2024"]
[SourceDate "2024.04.10"]
[SourceVersion "1"]
[SourceVersionDate "2024.04.10"]
[SourceQuality "1"]

1. e4 c6 2. d4 d5 3. exd5 cxd5 4. Bd3 Nc6 5. c3 g6 6. Be3 Bg7 7. h3 h5 8. Nf3 Nh6 9. Nbd2 Nf5 10. Nf1 a6 11. Qd2 b5 12. Bf4 b4 13. Ne3 bxc3 14. bxc3 Nxe3 15. Qxe3 Qa5 16. 0-0 Qxc3 17. Rfc1 Bxd4 18. Rxc3 Bxe3 19. Bxe3 Bd7 20. Nd4 Ne5 21. Be2 0-0 22. Rac1 a5 23. Bf4 f6 24. Bxe5 fxe5 25. Nc6 d4 26. Rc5 Bxc6 27. Rxc6 Rf6 28. Bc4+ Kg7 29. Rc7 Kh6 30. Rxe7 Rc8 31. Rxe5 Rfc6 32. Rxa5 Rxc4 33. Rxc4 Rxc4 34. Rd5 Ra4 35. g4 hxg4 36. hxg4 Kg7 37. g5 Kf7 38. Kg2 Ke6 39. Rd8 Kf5 40. Rd5+ Kf4 41. a3 Ke4 42. Rd6 d3 43. Rxg6 d2 44. Re6+ Kd5 45. Re8 Rd4 46. g6 d1Q 47. Re3 Rg4+ 48. Rg3 Rxg3+ 0-1

[Event "Titled Tuesday intern op 02nd Apr Late"]
[Site "Chess.com INT"]
[Date "2024.04.02"]
[Round "5"]
[White "Coe, William R"]
[Black "Kostiukov, Alexandr"]
[Result "0-1"]
[WhiteElo "2078"]
[BlackElo "2271"]
[PlyCount "88"]
[EventDate "2024.04.02"]
[EventType "swiss (blitz)"]
[EventRounds "11"]
[EventCountry "USA"]
[SourceTitle "CB15_2024"]
[SourceDate "2024.04.10"]
[SourceVersion "1"]
[SourceVersionDate "2024.04.10"]
[SourceQuality "1"]

1. e4 c5 2. Nf3 g6 3. d4 cxd4 4. Nxd4 Bg7 5. c4 Nc6 6. Be3 Nf6 7. Nc3 0-0 8. Be2 Nxd4 9. Bxd4 Qa5 10. 0-0 d6 11. f4 e5 12. Be3 Qb4 13. Qd2 Ng4 14. Bxg4 Bxg4 15. Rac1 Qxc4 16. Qxd6 Rad8 17. Qa3 exf4 18. Rxf4 Be6 19. Qxa7 Qd3 20. Rcf1 Ra8 21. Qb6 Ra6 22. Qc5 Rc8 23. Rd1 Qc2 24. Qxc8+ Bxc8 25. Rd8+ Bf8 26. Rxc8 Qxb2 27. Bc5 Qc1+ 28. Rf1 Qxc3 29. Rxf8+ Kg7 30. Rc8 Rc6 31. Rxc6 bxc6 32. Bd6 Qc4 33. e5 Qd4+ 34. Kh1 h5 35. h3 h4 36. Kh2 g5 37. Kh1 Qd5 38. Re1 c5 39. Be7 c4 40. Bf6+ Kg6 41. Rf1 c3 42. Bh8 c2 43. Rf6+ Kh7 44. Rf1 Qd1 0-1

[Event "Titled Tuesday intern op 29th Aug Early"]
[Site "Chess.com INT"]
[Date "2023.08.29"]
[Round "10"]
[White "Mompel Ferruz, Xavier"]
[Black "Coe, William R"]
[Result "1-0"]
[WhiteElo "2156"]
[BlackElo "2078"]
[PlyCount "69"]
[EventDate "2023.08.29"]
[EventType "swiss (blitz)"]
[EventRounds "11"]
[EventCountry "USA"]
[SourceTitle "EXT 2024"]
[Source "ChessBase"]
[SourceDate "2023.10.10"]
[SourceVersion "1"]
[SourceVersionDate "2023.10.10"]
[SourceQuality "1"]

1. e4 c5 2. Nf3 e6 3. d4 cxd4 4. Nxd4 a6 5. c4 Qc7 6. Nc3 Nf6 7. a3 Bc5 8. Be3 0-0 9. Be2 d6 10. 0-0 Nbd7 11. b4 Ba7 12. f4 b5 13. Qb3 Bb7 14. cxb5 Nxe4 15. Nxe4 Bxe4 16. bxa6 Nf6 17. Kh1 Bd5 18. Qd3 Rfc8 19. Nb5 Qd7 20. Nxa7 Rxa7 21. Bxa7 Qxa7 22. Rac1 Rd8 23. a4 Qb6 24. b5 Qa5 25. Qd4 Nd7 26. Bf3 Bxf3 27. Rxf3 Nc5 28. Rfc3 h6 29. h3 Kh7 30. Rxc5 dxc5 31. Qxc5 Qxa4 32. Qc2+ Qxc2 33. Rxc2 Rd1+ 34. Kh2 Rb1 35. a7 1-0

[Event "Titled Tuesday intern op 17th Jan Late"]
[Site "Chess.com INT"]
[Date "2023.01.17"]
[Round "7"]
[White "Cueto, Jose"]
[Black "Coe, William R"]
[Result "1-0"]
[WhiteElo "2134"]
[BlackElo "2078"]
[PlyCount "63"]
[EventDate "2023.01.17"]
[EventType "swiss (blitz)"]
[EventRounds "11"]
[EventCountry "USA"]
[SourceTitle "CBM 212 Extra"]
[Source "ChessBase"]
[SourceDate "2023.03.31"]
[SourceVersion "1"]
[SourceVersionDate "2023.03.31"]
[SourceQuality "1"]

1. d4 f5 2. Bf4 Nf6 3. e3 e6 4. Nf3 d5 5. Nbd2 Bd6 6. Ne5 0-0 7. Bd3 Ne4 8. Qe2 Nd7 9. Ndf3 Nxe5 10. Nxe5 Bxe5 11. Bxe5 c5 12. f3 Nf6 13. c3 cxd4 14. exd4 a6 15. g4 b5 16. gxf5 exf5 17. 0-0 Qe8 18. Kh1 Qh5 19. Rg1 Ra7 20. Rg3 Re7 21. Rag1 Rff7 22. Qg2 Qh6 23. Rg5 Ne8 24. f4 Be6 25. Qg3 Nf6 26. Bxf6 Rxf6 27. Re1 Kf8 28. Bf1 g6 29. Bg2 Bf7 30. Rxe7 Kxe7 31. Qf2 Qf8 32. Rg3 1-0

[Event "Titled Tuesday intern op 12th Jul Early"]
[Site "Chess.com INT"]
[Date "2022.07.12"]
[Round "4"]
[White "Coe, William R"]
[Black "Ardila, Oscar Humberto"]
[Result "0-1"]
[WhiteElo "2078"]
[BlackElo "2019"]
[PlyCount "156"]
[EventDate "2022.07.12"]
[EventType "swiss (blitz)"]
[EventRounds "11"]
[EventCountry "USA"]
[SourceTitle "EXT 2023"]
[Source "ChessBase"]
[SourceDate "2022.10.05"]
[SourceVersion "1"]
[SourceVersionDate "2022.10.05"]
[SourceQuality "1"]

1. e4 e5 2. Nf3 Nf6 3. Nxe5 d6 4. Nf3 Nxe4 5. d4 Be7 6. Bd3 d5 7. 0-0 Nc6 8. c4 Nb4 9. Be2 0-0 10. Nc3 Be6 11. a3 Nxc3 12. bxc3 Nc6 13. c5 Bf5 14. Bd3 Qd7 15. Bf4 Rac8 16. Re1 Bf6 17. Rb1 Na5 18. Qc2 Bxd3 19. Qxd3 Nc4 20. Rb3 b6 21. cxb6 axb6 22. Ne5 Bxe5 23. Bxe5 f6 24. Bg3 Rfe8 25. Rxe8+ Rxe8 26. h3 Re1+ 27. Kh2 Qa4 28. Rb4 Qxa3 29. Qf3 c6 30. Qf5 Qa8 31. Qd7 h6 32. h4 Kh7 33. Qf5+ Kh8 34. h5 Qe8 35. Bf4 Re4 36. g4 Re2 37. Bg3 Qe4 38. Qc8+ Qe8 39. Qf5 b5 40. Rb1 Nd2 41. Ra1 Ne4 42. Ra7 Nxg3 43. Kxg3 Re7 44. Ra6 Qb8+ 45. Kg2 Qb7 46. Ra2 Re8 47. Rb2 Qe7 48. Ra2 Qe4+ 49. Qxe4 Rxe4 50. Ra8+ Kh7 51. Rc8 Rxg4+ 52. Kh3 Rg5 53. Kh4 Rf5 54. Rxc6 Rxf2 55. Rc5 Rf3 56. Rxb5 Rxc3 57. Rxd5 Rd3 58. Rd7 Kg8 59. d5 Kf8 60. d6 Rd5 61. Rd8+ Kf7 62. Rd7+ Ke6 63. Rxg7 Rxd6 64. Rg6 Kf5 65. Rxh6 Rd1 66. Rh8 Rg1 67. Rf8 Rh1+ 68. Kg3 Rxh5 69. Rg8 Rg5+ 70. Rxg5+ Kxg5 71. Kf3 Kf5 72. Kg3 Ke4 73. Kf2 Kf4 74. Ke2 Kg3 75. Kf1 Kf3 76. Kg1 f5 77. Kf1 f4 78. Kg1 Ke2 0-1

[Event "Titled Tuesday intern op 12th Jul Early"]
[Site "Chess.com INT"]
[Date "2022.07.12"]
[Round "3"]
[White "Coe, William R"]
[Black "Nikologorsky, Matfei"]
[Result "0-1"]
[WhiteElo "2078"]
[BlackElo "2182"]
[PlyCount "70"]
[EventDate "2022.07.12"]
[EventType "swiss (blitz)"]
[EventRounds "11"]
[EventCountry "USA"]
[SourceTitle "EXT 2023"]
[Source "ChessBase"]
[SourceDate "2022.10.05"]
[SourceVersion "1"]
[SourceVersionDate "2022.10.05"]
[SourceQuality "1"]

1. e4 c5 2. Nf3 e6 3. d4 cxd4 4. Nxd4 a6 5. Bd3 Nf6 6. 0-0 Qc7 7. c4 b6 8. Nc3 Bb7 9. Qe2 d6 10. Bg5 Be7 11. Rac1 Nbd7 12. b3 0-0 13. Kh1 Rfe8 14. f4 Rac8 15. Bb1 Qb8 16. Rf3 Qa8 17. Rg3 Nc5 18. Re1 d5 19. e5 Nfe4 20. Nxe4 Nxe4 21. Bxe4 dxe4 22. Bxe7 Rxe7 23. f5 Rd7 24. Qe3 Rc5 25. f6 g6 26. Rd1 Rxe5 27. Qe2 Qd8 28. Rh3 Rxd4 29. Rf1 Rd2 30. Qe3 Rf5 31. Rg1 Rd1 32. g4 Rxg1+ 33. Kxg1 Qd1+ 34. Kg2 Qf1+ 35. Kg3 Rf3+ 0-1

[Event "Titled Tuesday intern op 12th Jul Early"]
[Site "Chess.com INT"]
[Date "2022.07.12"]
[Round "2"]
[White "D'Arruda, Ricardo D"]
[Black "Coe, William R"]
[Result "1-0"]
[WhiteElo "2271"]
[BlackElo "2078"]
[PlyCount "95"]
[EventDate "2022.07.12"]
[EventType "swiss (blitz)"]
[EventRounds "11"]
[EventCountry "USA"]
[SourceTitle "EXT 2023"]
[Source "ChessBase"]
[SourceDate "2022.10.05"]
[SourceVersion "1"]
[SourceVersionDate "2022.10.05"]
[SourceQuality "1"]

1. d4 d5 2. Nf3 e6 3. Bf4 Nf6 4. Nbd2 Be7 5. e3 0-0 6. Bd3 b6 7. 0-0 Ba6 8. Bxa6 Nxa6 9. c3 c5 10. Qe2 Qc8 11. Rad1 Nc7 12. e4 dxe4 13. Nxe4 Nxe4 14. Qxe4 Ne8 15. d5 Nf6 16. Qe2 Nh5 17. Bg3 Nxg3 18. hxg3 Rd8 19. dxe6 Qxe6 20. Qxe6 fxe6 21. a4 Rxd1 22. Rxd1 Rd8 23. Re1 Kf7 24. Kf1 Bf6 25. Ke2 Rd5 26. g4 h6 27. Ke3 Bg5+ 28. Ke4 Bf6 29. a5 b5 30. a6 Rd6 31. Ra1 b4 32. cxb4 cxb4 33. Ra4 Rb6 34. Ne5+ Bxe5 35. Kxe5 Ke7 36. Ra5 Kd7 37. b3 Ke7 38. f4 Kd7 39. f5 Ke7 40. Rc5 Kd7 41. g3 Rxa6 42. Rb5 Rb6 43. Rxb6 axb6 44. fxe6+ Ke7 45. Kd5 g6 46. Ke5 h5 47. g5 Ke8 48. Kf6 1-0

[Event "Titled Tuesday intern op 23rd Nov"]
[Site "Chess.com INT"]
[Date "2021.11.23"]
[Round "8"]
[White "Coe, William R"]
[Black "Skuhala, Barbara"]
[Result "0-1"]
[WhiteElo "2078"]
[BlackElo "2063"]
[PlyCount "66"]
[EventDate "2021.11.23"]
[EventType "swiss (blitz)"]
[EventRounds "11"]
[EventCountry "USA"]
[SourceTitle "CBM 205 Extra"]
[Source "ChessBase"]
[SourceDate "2022.01.31"]
[SourceVersion "1"]
[SourceVersionDate "2022.01.31"]
[SourceQuality "1"]

1. e4 c5 2. Nf3 d6 3. d4 cxd4 4. Nxd4 Nf6 5. Nc3 a6 6. h3 e5 7. Nde2 Be7 8. g4 h6 9. Bg2 Be6 10. Nd5 Bxd5 11. exd5 Nbd7 12. c4 Rc8 13. b3 b5 14. Qd3 bxc4 15. bxc4 Nf8 16. Bd2 Ng6 17. 0-0 0-0 18. f4 exf4 19. Rac1 Ne5 20. Qb3 Rb8 21. Qa3 Qb6+ 22. Kh1 Rfc8 23. Ba5 Qe3 24. Qxe3 fxe3 25. c5 dxc5 26. Rfd1 Bd6 27. Bc3 Nfd7 28. Nf4 c4 29. Bf1 Nxg4 30. hxg4 Bxf4 31. Rd4 Be5 32. Rxc4 Rxc4 33. Bxc4 Rc8 0-1

[Event "Titled Tuesday intern op 23rd Nov"]
[Site "Chess.com INT"]
[Date "2021.11.23"]
[Round "10"]
[White "Novikova, Galina"]
[Black "Coe, William R"]
[Result "0-1"]
[WhiteElo "2073"]
[BlackElo "2078"]
[PlyCount "72"]
[EventDate "2021.11.23"]
[EventType "swiss (blitz)"]
[EventRounds "11"]
[EventCountry "USA"]
[SourceTitle "CBM 205 Extra"]
[Source "ChessBase"]
[SourceDate "2022.01.31"]
[SourceVersion "1"]
[SourceVersionDate "2022.01.31"]
[SourceQuality "1"]

1. e4 c5 2. Nf3 e6 3. b4 cxb4 4. a3 d5 5. e5 Nc6 6. axb4 Bxb4 7. c3 Be7 8. d4 Bd7 9. Bd3 f5 10. 0-0 a6 11. Na3 g6 12. c4 Bxa3 13. Bxa3 Nge7 14. cxd5 Nxd5 15. Qd2 h6 16. g3 Kf7 17. Nh4 Kg7 18. Bc2 Qg5 19. f4 Qd8 20. Bb3 Nce7 21. Rac1 Bc6 22. Qd3 Bb5 23. Bc4 Bxc4 24. Rxc4 Rc8 25. Rfc1 Rxc4 26. Qxc4 Qd7 27. Bxe7 Qxe7 28. Nf3 Qd7 29. Ne1 Ne7 30. Nd3 Rc8 31. Qb4 Nd5 32. Qb2 Rxc1+ 33. Qxc1 Qc6 34. Qb2 Ne3 35. Nc5 Qf3 36. Nxe6+ Kh8 0-1

[Event "Titled Tuesday intern op 24th Nov"]
[Site "Chess.com INT"]
[Date "2020.11.24"]
[Round "5"]
[White "Eryshkanova, Anastasiya"]
[Black "Coe, William R"]
[Result "1-0"]
[WhiteElo "2192"]
[BlackElo "2078"]
[PlyCount "123"]
[EventDate "2020.11.24"]
[EventType "swiss (blitz)"]
[EventRounds "11"]
[EventCountry "USA"]
[SourceTitle "CBM 199 Extra"]
[Source "ChessBase"]
[SourceDate "2021.01.31"]
[SourceVersion "1"]
[SourceVersionDate "2021.01.31"]
[SourceQuality "1"]

1. e4 c5 2. Nf3 e6 3. d4 cxd4 4. Nxd4 a6 5. Bd3 Qc7 6. Qe2 d6 7. c4 Nf6 8. 0-0 Nc6 9. Nxc6 bxc6 10. Nc3 e5 11. Kh1 Be7 12. f3 Be6 13. Be3 0-0 14. Rad1 d5 15. cxd5 cxd5 16. exd5 Nxd5 17. Nxd5 Bxd5 18. Bxh7+ Kxh7 19. Rxd5 Rfd8 20. Qd3+ Kg8 21. Rc1 Qb7 22. Rxd8+ Rxd8 23. Qc2 Qd5 24. a3 Bf6 25. h3 Bh4 26. Kg1 g6 27. Qe4 Qxe4 28. fxe4 Rd3 29. Ba7 Bg5 30. Rc2 Bh4 31. Kf1 Rd1+ 32. Ke2 Re1+ 33. Kd3 Rd1+ 34. Kc4 Be7 35. Be3 Re1 36. Kd3 Rd1+ 37. Rd2 Rc1 38. Rc2 Rd1+ 39. Ke2 Rd7 40. b4 Kg7 41. Rb2 Rb7 42. Bd2 f6 43. a4 g5 44. b5 axb5 45. axb5 Bc5 46. Be3 Ba3 47. Rb3 Bd6 48. Kd3 Bc7 49. Kc4 Bd8 50. Kd5 Rd7+ 51. Kc6 Rc7+ 52. Kd6 Rc2 53. g4 Rh2 54. Bc5 Rd2+ 55. Kc6 Rc2 56. b6 Be7 57. Rb5 Re2 58. b7 Bxc5 59. Rxc5 Rb2 60. Rb5 Rc2+ 61. Kd6 Rd2+ 62. Ke7 1-0

[Event "Titled Tuesday intern op 4th Aug 10am"]
[Site "Chess.com INT"]
[Date "2020.08.04"]
[Round "10"]
[White "Albuquerque, Wellington S Jr"]
[Black "Coe, William R"]
[Result "1-0"]
[WhiteElo "2209"]
[BlackElo "2078"]
[PlyCount "123"]
[EventDate "2020.08.04"]
[EventType "swiss (blitz)"]
[EventRounds "10"]
[EventCountry "USA"]
[SourceTitle "CBM 197 Extra"]
[Source "ChessBase"]
[SourceDate "2020.09.30"]
[SourceVersion "1"]
[SourceVersionDate "2020.09.30"]
[SourceQuality "1"]

1. d4 e6 2. Nc3 f5 3. g4 Nf6 4. g5 Ne4 5. Nxe4 fxe4 6. Bf4 d5 7. Qd2 Bd6 8. f3 0-0 9. Bxd6 Qxd6 10. fxe4 dxe4 11. 0-0-0 e5 12. e3 Nc6 13. dxe5 Qxe5 14. Bc4+ Kh8 15. Qd5 Bg4 16. Be2 Be6 17. Qxe5 Nxe5 18. Rd4 Bf5 19. Bd1 Rad8 20. Rxd8 Rxd8 21. Ne2 Ng4 22. Ng3 Nxe3 23. Nxf5 Nxf5 24. Re1 Re8 25. Bg4 Nh4 26. Kd2 g6 27. Ke3 Kg7 28. Rd1 Re7 29. Rd8 Nf5+ 30. Ke2 Nd6 31. Ra8 a6 32. Rd8 e3 33. h3 Nc4 34. b3 Ne5 35. Bc8 b6 36. Bxa6 Nf7 37. Rc8 Nxg5 38. h4 Nh3 39. Bc4 Nf4+ 40. Kf3 e2 41. Rg8+ Kh6 42. Bxe2 Nxe2 43. Rc8 Nc1 44. a4 Ne2 45. b4 Nd4+ 46. Kg4 Nxc2 47. a5 Nxb4 48. axb6 cxb6 49. Rb8 Nd5 50. Rf8 Re4+ 51. Kg3 Rb4 52. h5 Kxh5 53. Rd8 h6 54. Rxd5+ g5 55. Rd3 Rb3 56. Rxb3 Kg6 57. Rxb6+ Kh5 58. Rb4 Kg6 59. Kg4 h5+ 60. Kg3 h4+ 61. Kg4 Kf6 62. Rb6+ 1-0

[Event "Titled Tuesday intern op 4th Aug 10am"]
[Site "Chess.com INT"]
[Date "2020.08.04"]
[Round "4"]
[White "Salazar Cabezas, Alberto Javier"]
[Black "Coe, William R"]
[Result "1-0"]
[WhiteElo "2004"]
[BlackElo "2078"]
[PlyCount "103"]
[EventDate "2020.08.04"]
[EventType "swiss (blitz)"]
[EventRounds "10"]
[EventCountry "USA"]
[SourceTitle "CBM 197 Extra"]
[Source "ChessBase"]
[SourceDate "2020.09.30"]
[SourceVersion "1"]
[SourceVersionDate "2020.09.30"]
[SourceQuality "1"]

1. e4 c5 2. Nf3 e6 3. c3 d5 4. exd5 exd5 5. d4 Nf6 6. Bb5+ Bd7 7. Qe2+ Qe7 8. Ne5 a6 9. Nxd7 Nbxd7 10. Bd3 Qxe2+ 11. Bxe2 Bd6 12. dxc5 Nxc5 13. 0-0 0-0 14. Be3 Ne6 15. Nd2 b5 16. Nb3 Bf4 17. Bxf4 Nxf4 18. Bf3 Rfd8 19. Rad1 g5 20. g3 Ng6 21. Rd4 Ne5 22. Bg2 Nc4 23. Rb1 Ra7 24. Nd2 Ne5 25. Nf3 Nxf3+ 26. Bxf3 h5 27. h3 Kg7 28. Rbd1 Rad7 29. Kg2 Kg6 30. a4 Kf5 31. axb5 axb5 32. Rb4 Rb8 33. Be2 Rdb7 34. b3 Ke5 35. f4+ gxf4 36. gxf4+ Ke6 37. Bf3 Rb6 38. Re1+ Kd6 39. Re5 Rc8 40. Rd4 Rxc3 41. Bxd5 Nxd5 42. Rdxd5+ Kc7 43. Rxb5 Rxb3 44. Rxb3 Rxb3 45. Rxh5 Kd6 46. Re5 Rb2+ 47. Kg3 Rb1 48. Kg4 Rg1+ 49. Kf5 Rh1 50. Re3 Ra1 51. Rd3+ Kc5 52. Kf6 1-0

[Event "Titled Tuesday intern op 5th May"]
[Site "Chess.com INT"]
[Date "2020.05.05"]
[Round "10"]
[White "Coe, William R"]
[Black "Larina, Marija"]
[Result "1/2-1/2"]
[WhiteElo "2078"]
[BlackElo "1948"]
[PlyCount "121"]
[EventDate "2020.05.05"]
[EventType "swiss (blitz)"]
[EventRounds "10"]
[EventCountry "USA"]
[SourceTitle "EXT 2021"]
[Source "ChessBase"]
[SourceDate "2020.10.23"]
[SourceVersion "1"]
[SourceVersionDate "2020.10.23"]
[SourceQuality "1"]

1. e4 d5 2. Nf3 dxe4 3. Ng5 e5 4. Nxe4 Nf6 5. Bb5+ c6 6. Nxf6+ Qxf6 7. Bc4 Bc5 8. 0-0 0-0 9. d3 Qg6 10. Qf3 Kh8 11. Nc3 f5 12. Qg3 Qxg3 13. hxg3 b5 14. Bb3 a5 15. a4 b4 16. Ne2 Nd7 17. c3 Nf6 18. d4 Bd6 19. dxe5 Bxe5 20. Bf4 Re8 21. Rfe1 bxc3 22. bxc3 Ba6 23. Bxe5 Rxe5 24. Nd4 Rc5 25. Re3 Ne4 26. Nxf5 Nxc3 27. Nd6 Nd5 28. Rf3 h6 29. Re1 Rb8 30. Bxd5 Rxd5 31. Nf7+ Kg8 32. Ne5 Re8 33. Rfe3 c5 34. Nc6 Rxe3 35. Rxe3 Rd1+ 36. Kh2 c4 37. Nxa5 Ra1 38. Re6 Rxa4 39. Rxa6 c3 40. Rc6 Rxa5 41. Rxc3 Kh7 42. g4 Kg6 43. f3 Ra2 44. Kg3 Kh7 45. f4 Kg6 46. Kf3 Kf7 47. g3 Ra7 48. f5 Kf6 49. Rc4 Kg5 50. Rc3 Ra4 51. Rc7 Ra3+ 52. Kf2 Kxg4 53. Rxg7+ Kxf5 54. Rh7 Kg5 55. Rb7 Kg4 56. Rb4+ Kg5 57. Rb5+ Kg6 58. Rb6+ Kg5 59. Rb5+ Kg4 60. Rb4+ Kg5 61. Rb5+ 1/2-1/2

[Event "Titled Tuesday intern op 5th May"]
[Site "Chess.com INT"]
[Date "2020.05.05"]
[Round "2"]
[White "Coe, William R"]
[Black "Tymrakiewicz, Rafal"]
[Result "0-1"]
[WhiteElo "2078"]
[BlackElo "2253"]
[PlyCount "190"]
[EventDate "2020.05.05"]
[EventType "swiss (blitz)"]
[EventRounds "10"]
[EventCountry "USA"]
[SourceTitle "EXT 2021"]
[Source "ChessBase"]
[SourceDate "2020.10.23"]
[SourceVersion "1"]
[SourceVersionDate "2020.10.23"]
[SourceQuality "1"]

1. e4 Nf6 2. e5 Nd5 3. g3 d6 4. exd6 cxd6 5. Bg2 Nf6 6. Nf3 d5 7. 0-0 Nc6 8. d4 Bg4 9. c3 e6 10. h3 Bh5 11. Be3 Be7 12. Nbd2 0-0 13. Re1 b5 14. b4 a5 15. a3 Nd7 16. Nb3 Ra7 17. Qd3 Qb6 18. Nc5 Bg6 19. Qd2 Rfa8 20. Nxd7 Rxd7 21. Ne5 Nxe5 22. dxe5 Qc6 23. Bd4 Rc7 24. f4 Rcc8 25. Bf1 Ra6 26. Bd3 axb4 27. axb4 Rca8 28. Rxa6 Qxa6 29. g4 Bxd3 30. Qxd3 Qc6 31. Re2 Ra3 32. f5 Bxb4 33. fxe6 fxe6 34. Rf2 Be7 35. Qf3 Qe8 36. Rb2 b4 37. Qd3 b3 38. c4 Qa4 39. cxd5 exd5 40. Bc3 Qc4 41. Qf3 Ra1+ 42. Kh2 Bg5 43. Rf2 Bf4+ 44. Qxf4 Qxf4+ 45. Rxf4 Rc1 46. Bd4 Rd1 47. Kg3 Rd3+ 48. Kf2 b2 49. Bxb2 Rd2+ 50. Ke3 Rxb2 51. e6 Rb6 52. Kd4 Rxe6 53. Kxd5 Re3 54. h4 h6 55. g5 hxg5 56. hxg5 Kh7 57. Rf5 Kg6 58. Rf1 Kxg5 59. Rg1+ Kf6 60. Kd4 Re2 61. Rf1+ Kg6 62. Rg1+ Kf7 63. Rf1+ Kg8 64. Kd3 Re6 65. Rg1 g6 66. Rf1 Kg7 67. Rg1 Re5 68. Kd4 Re8 69. Kd5 Re2 70. Kd6 Kf6 71. Rf1+ Kg7 72. Rg1 Kh7 73. Rh1+ Kg7 74. Rf1 Kh6 75. Kd7 g5 76. Rh1+ Kg6 77. Rf1 g4 78. Rg1 Kg5 79. Rf1 g3 80. Rf8 Kg4 81. Rg8+ Kh3 82. Rh8+ Kg2 83. Rg8 Re4 84. Rf8 Kh2 85. Rh8+ Kg2 86. Kd6 Kf3 87. Kd5 Rg4 88. Rf8+ Ke3 89. Re8+ Kd3 90. Re1 g2 91. Rg1 Ke2 92. Ke5 Kf2 93. Ra1 g1Q 94. Ra2+ Kg3 95. Ra3+ Kh4 0-1

[Event "Titled Tuesday intern op 5th May"]
[Site "Chess.com INT"]
[Date "2020.05.05"]
[Round "5"]
[White "Paiva, Henrique MA Alberg"]
[Black "Coe, William R"]
[Result "0-1"]
[WhiteElo "2070"]
[BlackElo "2078"]
[PlyCount "71"]
[EventDate "2020.05.05"]
[EventType "swiss (blitz)"]
[EventRounds "10"]
[EventCountry "USA"]
[SourceTitle "EXT 2021"]
[Source "ChessBase"]
[SourceDate "2020.10.23"]
[SourceVersion "1"]
[SourceVersionDate "2020.10.23"]
[SourceQuality "1"]

1. e4 c5 2. Nf3 e6 3. g3 a6 4. Bg2 g6 5. d3 Bg7 6. 0-0 Nc6 7. c3 Nge7 8. Bg5 h6 9. Be3 b6 10. d4 cxd4 11. cxd4 d5 12. Nc3 dxe4 13. Nxe4 0-0 14. Qd2 Kh7 15. Rac1 Bb7 16. Rfd1 Nd5 17. h4 Nce7 18. h5 Nxe3 19. Qxe3 Nf5 20. Qd3 Bd5 21. a3 Qd7 22. Ne5 Qb7 23. b4 Rad8 24. hxg6+ fxg6 25. Qe2 Nxd4 26. Rxd4 Bxe5 27. Rdd1 Bg7 28. Qg4 Rf5 29. Qh4 Rdf8 30. Rd2 g5 31. Qh3 Bxe4 32. g4 Bxg2 33. Qxg2 Qxg2+ 34. Kxg2 Rf4 35. Rc7 R8f7 36. Kh3 0-1

[Event "Titled Tuesday intern op 28th Apr"]
[Site "Chess.com INT"]
[Date "2020.04.28"]
[Round "2"]
[White "Coe, William R"]
[Black "Nilsson, Joakim"]
[Result "0-1"]
[WhiteElo "2078"]
[BlackElo "2215"]
[PlyCount "72"]
[EventDate "2020.04.28"]
[EventType "swiss (blitz)"]
[EventRounds "10"]
[EventCountry "USA"]
[SourceTitle "EXT 2021"]
[Source "ChessBase"]
[SourceDate "2020.10.23"]
[SourceVersion "1"]
[SourceVersionDate "2020.10.23"]
[SourceQuality "1"]

1. e4 c5 2. Nf3 e6 3. d4 cxd4 4. Nxd4 a6 5. Bd3 Qc7 6. c4 Nf6 7. Nc3 Nc6 8. Nxc6 dxc6 9. 0-0 h5 10. Qe2 Ng4 11. f4 Bc5+ 12. Kh1 Qe7 13. Qe1 Bf2 14. Rxf2 Qh4 15. g3 Nxf2+ 16. Qxf2 Qe7 17. f5 exf5 18. exf5 0-0 19. Bf4 Re8 20. c5 Qf6 21. Bd6 Bd7 22. Na4 Rad8 23. Nb6 Bc8 24. Nxc8 Rxc8 25. Rd1 Rcd8 26. b4 b6 27. Re1 Qc3 28. Rxe8+ Rxe8 29. Qc2 Qxb4 30. f6 g6 31. Bxg6 Qe1+ 32. Kg2 Re2+ 33. Kh3 Rxc2 34. Bxc2 Qe6+ 35. Kg2 bxc5 36. Bxc5 Qe2+ 0-1